| 000 | 00198nam a22000857a 4500 | ||
|---|---|---|---|
| 999 |
_c24671 _d24671 |
||
| 003 | Nust | ||
| 005 | 20170529125929.0 | ||
| 008 | 140619b xxu||||| |||| 00| 0 eng d | ||
| 020 | _cAvailable | ||
| 040 |
_aDLC _bDLC _cRCMS |
||
| 082 |
_2New Edition _a954.9 SUL |
||
| 100 |
_aSuleri Z.a _9437 |
||
| 245 |
_aMy Leader _cZia-Ud -Din Ahmad Suleri _bBeing An Estimate of Mr Jinnah's Work for Indian Mussalmans |
||
| 260 |
_aLahore _bLion Press _cc 1945 |
||
| 300 |
_a195,p: _bill: _c20,cm. |
||
| 538 | _iShelf # 13, Row # 4, Fiction. | ||
| 650 |
_aLiterature & Fiction _9304 |
||
| 856 | _3Table of Content Only | ||
| 942 |
_2ddc _cFIC |
||